[Event "GER-ch U16"]
[Site "Oberhof"]
[Date "2012.05.29"]
[Round "4"]
[White "Passon, Marcel"]
[Black "Persch, Adrian"]
[Result "0-1"]
[WhiteElo "1909"]
[BlackElo "1873"]
[PlyCount "40"]
[EventDate "2012.05.27"]
[EventType "swiss"]
[EventRounds "9"]
[EventCountry "GER"]
[SourceTitle "CBM 148 Extra"]
[Source "ChessBase"]
[SourceDate "2012.06.22"]
[SourceVersion "1"]
[SourceVersionDate "2012.06.22"]
[SourceQuality "1"]

1. d4 d5 2. c4 c6 3. Nc3 Nf6 4. Nf3 a6 5. a4 dxc4 6. e3 Bg4 7. Bxc4 e6 8. Qb3 Qc7 9. Ne5 Bf5 10. 0-0 Be7 11. a5 0-0 12. Bd3 Bxd3 13. Nxd3 Nbd7 14. Bd2 Rfd8 15. Na4 Rac8 16. Rfd1 Ng4 17. f4 c5 18. dxc5 Nxc5 19. Ndxc5 Bxc5 20. Rac1 Qxf4 0-1

[Event "Nuremberg Zabo op 12th"]
[Site "Nuremberg"]
[Date "2010.09.19"]
[Round "4"]
[White "Passon, Marcel"]
[Black "Klein, Markus"]
[Result "1-0"]
[WhiteElo "1772"]
[BlackElo "1467"]
[PlyCount "133"]
[EventDate "2010.09.17"]
[EventType "swiss"]
[EventRounds "5"]
[EventCountry "GER"]
[SourceTitle "EXT 2011"]
[Source "ChessBase"]
[SourceDate "2010.11.26"]
[SourceVersion "1"]
[SourceVersionDate "2010.11.26"]
[SourceQuality "1"]

1. d4 d5 2. c4 c6 3. Nf3 Nf6 4. Nc3 dxc4 5. a4 Bf5 6. Ne5 e6 7. f3 Nbd7 8. e4 Bxe4 9. fxe4 Bb4 10. Bd2 Bxc3 11. Bxc3 Nxe4 12. Qg4 Nxc3 13. bxc3 Qa5 14. Qg3 Nxe5 15. dxe5 0-0-0 16. Bxc4 Qc5 17. Bb3 Rd7 18. Ke2 Rhd8 19. Rhd1 g6 20. Qe3 Qa5 21. Rxd7 Rxd7 22. Rd1 Rxd1 23. Kxd1 Qd8+ 24. Qd4 Qg5 25. g4 h5 26. h3 hxg4 27. hxg4 a6 28. Bc4 Qh4 29. Kc2 Qg3 30. Be2 Qg2 31. Qd3 Qh2 32. Qe3 Qg2 33. Kb3 Qh1 34. Qd3 Qh2 35. Qe4 Qg3 36. Bd1 Qg1 37. Qd4 Qg3 38. Qd6 Qf4 39. Be2 Qf2 40. Bc4 Qf3 41. Kb4 Qf2 42. Qc5 Qb2+ 43. Bb3 Kd7 44. Qd6+ Ke8 45. Qb8+ Ke7 46. Qxb7+ Kf8 47. Ka5 Qe2 48. Qxc6 Qxe5+ 49. Kxa6 Qe2+ 50. Qc4 Qg2 51. Qb4+ Kg8 52. Qb8+ Kh7 53. Qb7 Qe2+ 54. Ka5 Qe5+ 55. Kb4 Qd6+ 56. Kb5 Qe5+ 57. Ka6 Qd6+ 58. Qb6 Qd3+ 59. c4 Qf3 60. g5 Qa8+ 61. Kb5 Qe8+ 62. Kc5 Qe7+ 63. Kd4 Qxg5 64. Qc7 Qg1+ 65. Ke5 Qg5+ 66. Kd6 Qf4+ 67. Kd7 1-0

[Event "Nuremberg Zabo op 12th"]
[Site "Nuremberg"]
[Date "2010.09.18"]
[Round "3"]
[White "Meulner, Fabian"]
[Black "Passon, Marcel"]
[Result "0-1"]
[WhiteElo "1309"]
[BlackElo "1772"]
[PlyCount "62"]
[EventDate "2010.09.17"]
[EventType "swiss"]
[EventRounds "5"]
[EventCountry "GER"]
[SourceTitle "EXT 2011"]
[Source "ChessBase"]
[SourceDate "2010.11.26"]
[SourceVersion "1"]
[SourceVersionDate "2010.11.26"]
[SourceQuality "1"]

1. c4 Nf6 2. Nc3 c5 3. g3 d5 4. cxd5 Nxd5 5. Bg2 Nc7 6. Nf3 Nc6 7. 0-0 e5 8. d3 Be7 9. Qa4 0-0 10. Bd2 Rb8 11. Nb5 Nxb5 12. Qxb5 a6 13. Qb3 Be6 14. Qd1 f6 15. b3 Qd7 16. Bc3 Bh3 17. Nd2 Bxg2 18. Kxg2 Qd5+ 19. Kg1 b5 20. Rc1 f5 21. Ba1 Rbd8 22. Bc3 e4 23. dxe4 fxe4 24. Nb1 Qf5 25. Qc2 Nd4 26. Qb2 Nf3+ 27. Kg2 Qh5 28. exf3 exf3+ 29. Kh1 Qh3 30. Rg1 Rf5 31. Nd2 Rxd2 0-1